000 00437nam a2200121Ia 4500
008 220615s9999||||xx |||||||||||||| ||und||
100 _aKi Young Kim
245 0 _aPlasmonics - Principles and Applications
546 _aEnglish[eng]
650 _aPhysical Sciences||Engineering and Technology||Optoelectronics||Physics||Optics and Lasers
856 _uhttps://www.intechopen.com/books/plasmonics-principles-and-applications
942 _cEB
999 _c11349
_d11349